Dostihový kôň

Bibliographic Details
Main Author: Alegría, Fernando, 1918-2005 (Author)
Other Authors: Lajdová, Oľga, 1943-1985 (Translator)
Format: Book
Language:Slovak
Spanish
PhysicalDescription:203 s., 11,46 AH 20 cm
Published: Bratislava Tatran 1977
Edition:1., vyd.
Series:LUK
Subjects:

MARC

LEADER 00000cam a2200000 a 4500
001 vtls001105021
003 SK-MaSNL
005 20260301001339.0
008 250414s1977 xo gr 0000f slo
035 |a SNK000047863 
040 |a SNK  |b slo  |c SNK  |e AACR2 
041 1 |a slo  |h spa 
044 |a xo  |c SK 
072 7 |a 821.134.2(83)  |x Čílska literatúra  |2 konspekt 
080 |a 821.134.2(83)-31  |2 2001 
080 |a (0:82-31)  |2 2001 
100 1 |a Alegría, Fernando,  |d 1918-2005  |4 aut  |9 279517 
240 1 0 |a Caballo de Copas  |l Slovensky 
245 1 0 |a Dostihový kôň  |c Fernando Alegría ; zo španielskeho originálu preložila Oĺga Lajdová 
250 |a 1., vyd. 
260 |a Bratislava  |b Tatran  |c 1977  |e Bratislava  |f Polygrafické závody 
300 |a 203 s., 11,46 AH  |c 20 cm 
490 0 |a LUK  |v Zv. 58. 
500 |a Text na predsádkach. 
500 |a Preložené zo španielčiny 
500 |a Viazaná 
655 7 |a čílske romány (španielsky písané)  |2 SNKPH  |9 279518 
700 1 |a Lajdová, Oľga,  |d 1943-1985  |4 trl  |9 39206 
830 0 |a LUK  |9 277051 
852 |a Slovenská národná knižnica 
954 |a romány sociálne 
954 |a Chile  |a USA 
954 |a kone  |a dostihy 
958 |a TL 
958 |a UP 
958 |a SV 
958 |a OND 
999 |c 534710  |d 536640 
952 |a SNK  |b SNK  |y VYP  |7 0  |p 17A1076154  |o snkSC 41559 D1  |i snkKSP 4145/77  |0 0  |1 0  |4 0  |d 2014-08-07  |l 0  |r 2026-02-23 12:21:39  |w 2026-02-23